Language Quiz

Random Language or Country Quiz

Countries per Largest Languages Quiz Stats

 Plays Quiz Updated Oct 18, 2018

Score 0/60 Timer 06:00
5 Plays Today
Language Country % Correct
Chinese, MandarinChina
99.5%
Chinese, MandarinUnited States
98.9%
SpanishUnited States
98.9%
EnglishUnited States
98.9%
HindiUnited States
98.9%
BengaliUnited States
98.9%
JapaneseUnited States
98.9%
German, main variantsUnited States
98.9%
RussianRussia
97.9%
FrenchUnited States
97.8%
ItalianUnited States
97.8%
EnglishUnited Kingdom
96.6%
BengaliUnited Kingdom
96.6%
HindiIndia
96.4%
BengaliIndia
96.4%
HindiUnited Kingdom
96.3%
JapaneseJapan
96.2%
SpanishSpain
95.9%
FrenchFrance
95.4%
ItalianFrance
95.4%
German, main variantsGermany
95.3%
PortugueseBrazil
95.3%
JapaneseBrazil
95.3%
SpanishMexico
94.2%
PortuguesePortugal
93.5%
ItalianItaly
93.5%
FrenchCanada
87.6%
ItalianArgentina
85.1%
EnglishCanada
82.5%
JapaneseCanada
82.5%
Language Country % Correct
Arabic, StandardSaudi Arabia
82.1%
SpanishArgentina
81.5%
JapaneseArgentina
81.5%
Arabic, StandardIraq
77.4%
EnglishAustralia
74.3%
FrenchSwitzerland
74.1%
ItalianSwitzerland
74.1%
Arabic, StandardEgypt
73.3%
RussianUkraine
68.4%
German, main variantsAustria
65.1%
HindiCanada
61.2%
BengaliBangladesh
60.8%
Chinese, MandarinTaiwan
58.6%
German, main variantsSwitzerland
57%
FrenchBelgium
56.3%
SpanishColombia
55.4%
Chinese, MandarinIndonesia
49%
German, main variantsArgentina
48.5%
EnglishSouth Africa
48.4%
RussianKazakhstan
47.8%
PortugueseFrance
44.1%
HindiSouth Africa
42.9%
Arabic, StandardSudan
37.7%
Arabic, StandardAlgeria
37.1%
Chinese, MandarinSingapore
35.3%
RussianUzbekistan
31.9%
BengaliSingapore
30.9%
PortugueseAngola
25.7%
RussianBelarus
24%
PortugueseMozambique
20.1%

You're not logged in!

Compare scores with friends on all Sporcle quizzes.
OR
Log In

You Might Also Like...

Show Comments

Extras

Top Quizzes Today


Score Distribution

Your Account Isn't Verified!

In order to create a playlist on Sporcle, you need to verify the email address you used during registration. Go to your Sporcle Settings to finish the process.

Report this User

Report this user for behavior that violates our Community Guidelines.

Details: